000 01426cam a22003977a 4500
003 CHAP
005 20220817043027.0
008 971010s1982 r 00010 d
010 _a63183
011 _a64155
035 _a69399
040 _cCHAP
082 0 4 _a327.7207
_bB3y
100 0 0 _aBaird, Peter.
_99477
245 1 0 _aMéxico - Estados Unidos
_b: relaciones económicas y lucha de clases
260 _aMéxico, D. F. :
_bEra,
_c1982
300 _a330 p.
490 0 _aColección problemas de México
590 _aBATCH-UPD
_b10
_c20130110
_lUCH01
_h0423
590 _aBATCH-UPD
_b10
_c20130110
_lUCH01
_h2114
590 _aBATCH-UPD
_b10
_c20130410
_lUCH01
_h0058
590 _aBATCH-UPD
_b10
_c20130410
_lUCH01
_h1607
590 _aBATCH-UPD
_b10
_c20130914
_lUCH01
_h0522
590 _aBATCH-UPD
_b10
_c20130914
_lUCH01
_h2118
590 _aCONVERSION
_b10
_c20130109
_lUCH01
_h1334
650 1 4 _aComercio internacional.
_925641
650 1 4 _aE.U.A.
_xRelaciones exteriores
_xMéxico.
_934848
650 1 4 _aMéxico
_xCondiciones económicas.
650 1 4 _aMéxico
_xCondiciones sociales.
_976730
650 1 4 _aMéxico
_xRelaciones exteriores
_xE.U.A.
_976792
830 0 _aColección problemas de México
901 _aBK
942 _cLIBRO
949 _a327.7207 B3y
_bBC
_cLIBRO
_d33724000302683
_eLIBRO
_gI. c/e
_h67132
_i69399
_si
949 _a327.7207 B3y
_bBC
_cLIBRO
_d33724000302774
_eLIBRO
_fc.2
_gI. c/e
_h67133
_i69399
_si
999 _c63183
_d63183